| 000 | 00734nam a22002537a 4500 | ||
|---|---|---|---|
| 999 |
_c34416 _d34416 |
||
| 001 | 3785 | ||
| 003 | CO-MdFUSB | ||
| 005 | 20180622073140.0 | ||
| 008 | 180321t1971 ag ||||| |||| 00| 0 spa d | ||
| 040 |
_aCO-MdFUSB _bspa _cCO-MdFUSB _dCO-MdFUSBC _erda |
||
| 041 | 0 | _aspa | |
| 082 | 0 | 4 | _aG 227.5 L563t |
| 100 | 1 |
_aLeón, Jorge A. _eautor |
|
| 245 | 0 |
_aTeología de la Unidad _c / Jorge A. León |
|
| 264 | 4 |
_aBuenos Aires, Argentina : _bLa Aurora, _c©1971 |
|
| 300 | _a166 Pag | ||
| 336 |
_2rdacontent _atexto _btxt |
||
| 337 |
_2rdamedia _asin mediación _bn |
||
| 338 |
_2rdacarrier _avolumen _bnc |
||
| 650 | 7 |
_aIglesia _9655 |
|
| 653 | _aInterpretación de la Biblia N.T. - Efesios | ||
| 653 | _aIglesia - Unidad | ||
| 942 | _cBK | ||